000 00657cab a2200205 4500
001 WB3023-44
008 090401t1994 xxu||||| |||| 00| 0 eng d
035 _a(Sirsi) u71487
041 _aeng
245 _aArchitects registration bill
260 _c1994
350 _a0
490 _aBuilding
_v259(7848) 17 June 1994, 7(1)
520 _aA DoE proposal for a new act governing the registration of architects will be unveiled on Monday by Housing Minister, Sir George Young.
650 _aARCHITECTS REGISTRATION
650 _aQUALIFICATIONS
690 _aMANAGEMENT-BUSINESS MANAGEMENT-PROFESSIONAL PRACTICE
942 _n0
948 _c04/03/1997
999 _c45074
_d45074